[Event "Deutsche Ländermeisterschaft 2014"]
[Site "Hannover GER"]
[Date "2014.10.03"]
[Round "1"]
[White "Krüger, David"]
[Black "Bentel, Robin"]
[Result "0-1"]
[Termination "normal"]
[Board "4.4"]
[WhiteElo "2036"]
[BlackElo "2054"]
[WhiteClock "00:02:04"]
[BlackClock "00:09:04"]
[WhiteTeam "Hamburg"]
[BlackTeam "Nordrhein-Westfalen"]
[PlyCount "70"]
[WhiteFideId "12921858"]
[BlackFideId "12918016"]
[EventCountry "GER"]
[EventRounds "7"]
[EventType "team-swiss"]
[EventDate "2014.10.02"]

1. e4 {[%clk 1:30:43]} e5 {[%clk 1:30:53]} 2. Nc3 {[%clk 1:23:14]} Nf6 {[%clk
1:30:42]} 3. f4 {[%clk 1:22:58]} d5 {[%clk 1:30:44]} 4. exd5 {[%clk 1:20:38]}
exf4 {[%clk 1:13:17]} 5. Bc4 Bd6 6. d4 {[%clk 1:19:26]} O-O {[%clk 1:11:52]} 7.
Nge2 {[%clk 1:18:14]} Bg4 {[%clk 1:07:34]} 8. O-O {[%clk 1:15:53]} g5 {[%clk
0:59:29]} 9. h3 {[%clk 1:09:58]} Bf5 {[%clk 0:56:21]} 10. Bd3 {[%clk 1:03:25]}
Qd7 {[%clk 0:55:28]} 11. h4 {[%clk 0:56:10]} h6 {[%clk 0:53:11]} 12. Bxf5
{[%clk 0:47:27]} Qxf5 {[%clk 0:51:09]} 13. Ng3 {[%clk 0:46:32]} Qg6 {[%clk
0:48:38]} 14. Nh1 {[%clk 0:40:46]} Nbd7 {[%clk 0:47:08]} 15. Nb5 {[%clk
0:26:28]} Nb6 {[%clk 0:45:51]} 16. b3 {[%clk 0:23:36]} Nbxd5 {[%clk 0:44:48]}
17. c4 {[%clk 0:23:52]} Nb4 {[%clk 0:36:59]} 18. hxg5 {[%clk 0:19:06]} hxg5
{[%clk 0:35:52]} 19. Bd2 {[%clk 0:11:32]} Na6 {[%clk 0:33:18]} 20. Nxd6 {[%clk
0:10:41]} cxd6 {[%clk 0:33:40]} 21. Nf2 {[%clk 0:09:50]} d5 {[%clk 0:27:32]}
22. c5 {[%clk 0:09:04]} Kg7 {[%clk 0:26:26]} 23. Nh3 {[%clk 0:08:54]} Ne4
{[%clk 0:24:56]} 24. Rf3 {[%clk 0:07:14]} Rh8 {[%clk 0:21:50]} 25. Nf2 {[%clk
0:05:18]} Rh4 {[%clk 0:18:33]} 26. Bc1 {[%clk 0:03:36]} Rah8 {[%clk 0:17:12]}
27. Qd3 {[%clk 0:03:28]} Qh7 {[%clk 0:12:22]} 28. Kf1 {[%clk 0:03:11]} Nb4
{[%clk 0:11:12]} 29. Qb1 {[%clk 0:02:37]} Rh1+ {[%clk 0:11:03]} 30. Ke2 {[%clk
0:02:20]} Re8 {[%clk 0:10:38]} 31. Nxe4 {[%clk 0:01:42]} Rxe4+ {[%clk 0:10:09]}
32. Kd2 {[%clk 0:01:55]} Qh2 {[%clk 0:08:49]} 33. Rf2 {[%clk 0:02:12]} Qg1
{[%clk 0:08:49]} 34. Re2 {[%clk 0:01:49]} Qxd4+ {[%clk 0:09:04]} 35. Qd3 {[%clk
0:02:04]} Qxd3# 0-1

[Event "Deutsche Ländermeisterschaft 2014"]
[Site "Hannover GER"]
[Date "2014.10.03"]
[Round "1"]
[White "Savchenko, Daniel"]
[Black "Brandt, Carina"]
[Result "1/2-1/2"]
[Termination "normal"]
[Board "4.5"]
[WhiteElo "1784"]
[BlackElo "1886"]
[WhiteClock "00:12:32"]
[BlackClock "00:01:20"]
[WhiteTeam "Nordrhein-Westfalen"]
[BlackTeam "Hamburg"]
[PlyCount "104"]
[WhiteFideId "12919195"]
[BlackFideId "12917940"]
[EventCountry "GER"]
[EventRounds "7"]
[EventType "team-swiss"]
[EventDate "2014.10.02"]

1. e4 {[%clk 1:30:52]} e6 {[%clk 1:30:56]} 2. d4 {[%clk 1:31:18]} d5 {[%clk
1:31:21]} 3. Nd2 {[%clk 1:31:44]} Nc6 {[%clk 1:31:47]} 4. Ngf3 {[%clk 1:32:04]}
Nf6 {[%clk 1:32:11]} 5. e5 {[%clk 1:32:29]} Nd7 {[%clk 1:32:37]} 6. Bd3 {[%clk
1:32:54]} f6 {[%clk 1:33:00]} 7. Ng5 {[%clk 1:28:35]} Ndxe5 {[%clk 1:33:18]} 8.
dxe5 {[%clk 1:28:49]} fxg5 {[%clk 1:33:43]} 9. Qh5+ {[%clk 1:26:03]} g6 {[%clk
1:34:08]} 10. Bxg6+ {[%clk 1:25:46]} Kd7 {[%clk 1:34:32]} 11. f4 {[%clk
1:22:25]} gxf4 {[%clk 1:29:27]} 12. Bd3 {[%clk 1:20:18]} b6 {[%clk 1:21:06]}
13. Nf3 {[%clk 1:18:24]} Nb4 {[%clk 1:08:51]} 14. Bxf4 {[%clk 1:16:10]} Nxd3+
{[%clk 1:08:57]} 15. cxd3 {[%clk 1:16:32]} Bb4+ {[%clk 1:08:12]} 16. Ke2 {[%clk
1:16:13]} Qf8 {[%clk 1:00:37]} 17. g3 {[%clk 1:08:18]} Ba6 {[%clk 0:56:26]} 18.
Rhf1 {[%clk 1:03:35]} Qg7 {[%clk 0:45:16]} 19. Bg5 {[%clk 0:57:21]} h6 {[%clk
0:40:04]} 20. Bf6 {[%clk 0:54:18]} Qh7 {[%clk 0:40:28]} 21. Rfd1 {[%clk
0:53:51]} Rhg8 {[%clk 0:27:50]} 22. Kf2 {[%clk 0:22:38]} Bxd3 {[%clk 0:18:14]}
23. Rac1 {[%clk 0:12:27]} Raf8 {[%clk 0:13:45]} 24. Qh4 {[%clk 0:10:28]} Be4
{[%clk 0:08:58]} 25. Nd4 {[%clk 0:05:12]} Bc5 {[%clk 0:06:33]} 26. Qf4 {[%clk
0:05:03]} Qf5 {[%clk 0:05:32]} 27. Qxf5 {[%clk 0:05:10]} Bxf5 {[%clk 0:05:49]}
28. Rxc5 {[%clk 0:04:09]} bxc5 {[%clk 0:06:12]} 29. Nxf5 {[%clk 0:04:32]} exf5
{[%clk 0:06:22]} 30. Rxd5+ {[%clk 0:04:39]} Kc6 {[%clk 0:06:00]} 31. Rd2 {[%clk
0:04:46]} Rg4 {[%clk 0:04:57]} 32. h3 {[%clk 0:03:27]} Rc4 {[%clk 0:03:07]} 33.
Bg7 {[%clk 0:02:41]} Re8 {[%clk 0:03:03]} 34. Bxh6 Rxe5 {[%clk 0:03:13]} 35.
Bf4 {[%clk 0:03:05]} Re8 {[%clk 0:03:07]} 36. h4 {[%clk 0:02:59]} Rce4 {[%clk
0:02:15]} 37. Kf3 {[%clk 0:01:45]} Re1 {[%clk 0:01:56]} 38. Kf2 {[%clk
0:01:39]} R1e4 {[%clk 0:01:06]} 39. Kf3 {[%clk 0:01:59]} Rc4 {[%clk 0:00:52]}
40. Kf2 {[%clk 0:01:19]} Rc1 {[%clk 0:00:39]} 41. Kf3 {[%clk 0:29:14]} c4
{[%clk 0:28:09]} 42. Kg2 {[%clk 0:27:06]} c3 {[%clk 0:22:18]} 43. bxc3 {[%clk
0:27:12]} Rxc3 {[%clk 0:22:41]} 44. Kf2 {[%clk 0:26:52]} a6 {[%clk 0:19:09]}
45. Kg2 {[%clk 0:23:57]} Re7 {[%clk 0:15:10]} 46. Kh3 {[%clk 0:21:04]} Re4
{[%clk 0:10:47]} 47. Rf2 {[%clk 0:17:42]} Kd7 {[%clk 0:08:58]} 48. h5 {[%clk
0:17:28]} Ke6 {[%clk 0:05:30]} 49. Bg5 {[%clk 0:14:45]} Rg4 {[%clk 0:04:38]}
50. Bf4 {[%clk 0:14:25]} c5 {[%clk 0:03:07]} 51. h6 {[%clk 0:14:25]} Rd3 {[%clk
0:02:21]} 52. h7 {[%clk 0:12:32]} Rd8 {[%clk 0:01:20]} 1/2-1/2

[Event "Deutsche Ländermeisterschaft 2014"]
[Site "Hannover GER"]
[Date "2014.10.03"]
[Round "1"]
[White "Meyling, Lennart"]
[Black "Baltic, Fatih"]
[Result "0-1"]
[Termination "normal"]
[Board "4.6"]
[WhiteElo "1713"]
[BlackElo "1890"]
[WhiteClock "00:23:20"]
[BlackClock "01:13:29"]
[WhiteTeam "Hamburg"]
[BlackTeam "Nordrhein-Westfalen"]
[PlyCount "52"]
[WhiteFideId "12947130"]
[BlackFideId "12979090"]
[EventCountry "GER"]
[EventRounds "7"]
[EventType "team-swiss"]
[EventDate "2014.10.02"]

1. c4 {[%clk 1:26:42]} Nf6 {[%clk 1:30:31]} 2. Nc3 {[%clk 1:23:02]} c5 {[%clk
1:30:03]} 3. e4 {[%clk 1:18:37]} d6 {[%clk 1:30:04]} 4. Nge2 {[%clk 1:14:45]}
e6 {[%clk 1:28:48]} 5. d4 {[%clk 1:10:21]} cxd4 {[%clk 1:29:08]} 6. Nxd4 {[%clk
1:07:02]} a6 {[%clk 1:26:51]} 7. Be3 {[%clk 1:02:58]} Be7 {[%clk 1:24:19]} 8.
Be2 {[%clk 0:58:25]} Qc7 {[%clk 1:23:00]} 9. Qa4+ {[%clk 0:48:29]} Nc6 {[%clk
1:19:58]} 10. Ncb5 {[%clk 0:40:21]} Qb8 {[%clk 1:18:28]} 11. Nxc6 {[%clk
0:34:49]} axb5 {[%clk 1:18:17]} 12. Nxb8 {[%clk 0:30:40]} bxa4 {[%clk 1:18:30]}
13. c5 {[%clk 0:26:36]} Rxb8 {[%clk 1:18:03]} 14. Bb5+ {[%clk 0:26:04]} Bd7
{[%clk 1:18:02]} 15. Bxd7+ {[%clk 0:26:17]} Nxd7 {[%clk 1:18:09]} 16. cxd6
{[%clk 0:25:28]} Bxd6 {[%clk 1:17:23]} 17. O-O-O {[%clk 0:25:43]} Ke7 {[%clk
1:15:17]} 18. Rd3 {[%clk 0:25:34]} Bc5 {[%clk 1:13:21]} 19. Bg5+ {[%clk
0:24:35]} f6 {[%clk 1:13:34]} 20. Bh4 {[%clk 0:24:56]} Ne5 {[%clk 1:12:43]} 21.
Rg3 {[%clk 0:23:45]} g5 {[%clk 1:13:04]} 22. Rc3 {[%clk 0:23:37]} gxh4 {[%clk
1:13:20]} 23. f4 {[%clk 0:23:21]} Nd7 {[%clk 1:13:26]} 24. Rh3 {[%clk 0:23:36]}
Rbg8 {[%clk 1:13:26]} 25. g3 {[%clk 0:23:29]} Rg4 {[%clk 1:13:19]} 26. Re1
{[%clk 0:23:20]} hxg3 {[%clk 1:13:29]} 0-1

[Event "Deutsche Ländermeisterschaft 2014"]
[Site "Hannover GER"]
[Date "2014.10.03"]
[Round "1"]
[White "Bork, Sophie"]
[Black "Voß, Henrike"]
[Result "1/2-1/2"]
[Termination "normal"]
[Board "4.7"]
[WhiteElo "1574"]
[BlackElo "1604"]
[WhiteClock "00:01:46"]
[BlackClock "00:10:56"]
[WhiteTeam "Nordrhein-Westfalen"]
[BlackTeam "Hamburg"]
[PlyCount "178"]
[WhiteFideId "12905429"]
[BlackFideId "12971910"]
[EventCountry "GER"]
[EventRounds "7"]
[EventType "team-swiss"]
[EventDate "2014.10.02"]

1. e4 {[%clk 1:30:57]} e5 {[%clk 1:30:52]} 2. Nf3 {[%clk 1:31:21]} Nc6 {[%clk
1:31:15]} 3. Bc4 {[%clk 1:31:44]} Bc5 {[%clk 1:31:37]} 4. c3 {[%clk 1:32:00]}
Nf6 {[%clk 1:32:00]} 5. d3 {[%clk 1:32:14]} d6 {[%clk 1:32:09]} 6. Bb3 {[%clk
1:32:10]} a6 {[%clk 1:32:17]} 7. h3 {[%clk 1:31:33]} Ba7 {[%clk 1:32:13]} 8.
Nbd2 {[%clk 1:31:19]} O-O {[%clk 1:28:10]} 9. O-O {[%clk 1:30:59]} h6 {[%clk
1:27:04]} 10. Re1 {[%clk 1:29:31]} Be6 {[%clk 1:21:06]} 11. Bc2 {[%clk
1:27:34]} Qd7 {[%clk 1:18:56]} 12. Qe2 {[%clk 1:15:50]} Rfe8 {[%clk 1:11:43]}
13. Kh2 {[%clk 1:10:16]} Rad8 {[%clk 0:57:59]} 14. Nf1 {[%clk 1:07:59]} Qe7
{[%clk 0:53:31]} 15. Ng3 {[%clk 1:04:43]} d5 {[%clk 0:49:31]} 16. a3 {[%clk
0:52:49]} d4 {[%clk 0:44:39]} 17. c4 {[%clk 0:47:12]} b5 {[%clk 0:41:52]} 18.
cxb5 {[%clk 0:41:29]} axb5 {[%clk 0:42:11]} 19. Bd2 {[%clk 0:40:39]} Nd7 {[%clk
0:40:00]} 20. Qd1 {[%clk 0:34:15]} Ncb8 {[%clk 0:31:22]} 21. Bb3 {[%clk
0:27:05]} c5 {[%clk 0:31:12]} 22. Bxe6 {[%clk 0:26:14]} Qxe6 {[%clk 0:31:25]}
23. Nf5 {[%clk 0:24:24]} Nc6 {[%clk 0:30:36]} 24. Qc1 {[%clk 0:20:11]} Kh7
{[%clk 0:26:00]} 25. g4 {[%clk 0:18:29]} Ne7 {[%clk 0:25:17]} 26. Nxe7 {[%clk
0:15:23]} Qxe7 {[%clk 0:24:35]} 27. g5 {[%clk 0:13:18]} Qd6 {[%clk 0:22:00]}
28. Nh4 {[%clk 0:09:48]} h5 {[%clk 0:19:35]} 29. Nf5 {[%clk 0:08:00]} Qb6
{[%clk 0:19:07]} 30. Rg1 {[%clk 0:07:13]} c4 {[%clk 0:16:50]} 31. Qd1 {[%clk
0:05:42]} g6 {[%clk 0:14:27]} 32. Nh6 {[%clk 0:05:03]} Rf8 {[%clk 0:14:03]} 33.
Bb4 {[%clk 0:04:46]} Nc5 {[%clk 0:13:50]} 34. Bxc5 {[%clk 0:04:26]} Qxc5 {[%clk
0:14:00]} 35. h4 {[%clk 0:02:46]} c3 {[%clk 0:13:34]} 36. Qb3 {[%clk 0:01:48]}
Kg7 {[%clk 0:12:55]} 37. Rgf1 {[%clk 0:01:21]} Bb8 {[%clk 0:09:00]} 38. Kg2
{[%clk 0:01:23]} Rd7 {[%clk 0:08:28]} 39. Rac1 {[%clk 0:01:13]} Rc8 {[%clk
0:04:27]} 40. Rc2 {[%clk 0:00:59]} Bd6 {[%clk 0:04:05]} 41. Qa2 {[%clk
0:19:44]} Qa7 {[%clk 0:33:56]} 42. bxc3 {[%clk 0:17:35]} dxc3 {[%clk 0:30:26]}
43. Qb3 {[%clk 0:14:42]} Qa5 {[%clk 0:29:16]} 44. Ra1 {[%clk 0:10:49]} b4
{[%clk 0:26:52]} 45. a4 {[%clk 0:09:45]} Qa6 {[%clk 0:25:29]} 46. Rd1 {[%clk
0:06:47]} Be7 {[%clk 0:25:24]} 47. Qxf7+ {[%clk 0:03:41]} Kh8 {[%clk 0:25:46]}
48. Nf5 {[%clk 0:01:51]} gxf5 {[%clk 0:23:28]} 49. g6 {[%clk 0:02:02]} Qxg6+
{[%clk 0:23:43]} 50. Qxg6 {[%clk 0:02:25]} Rg8 {[%clk 0:24:08]} 51. Qxg8+
{[%clk 0:02:44]} Kxg8 {[%clk 0:24:26]} 52. exf5 {[%clk 0:01:57]} e4 {[%clk
0:24:31]} 53. d4 {[%clk 0:01:45]} Bc5 {[%clk 0:22:56]} 54. d5 {[%clk 0:01:08]}
Rg7+ {[%clk 0:22:49]} 55. Kf1 {[%clk 0:00:58]} Kf7 {[%clk 0:22:06]} 56. a5
{[%clk 0:00:54]} Ke7 {[%clk 0:22:01]} 57. Re1 {[%clk 0:00:47]} Kd6 {[%clk
0:21:59]} 58. Rxe4 {[%clk 0:00:43]} Kxd5 {[%clk 0:22:02]} 59. Re6 {[%clk
0:00:40]} Rf7 {[%clk 0:21:44]} 60. a6 {[%clk 0:00:38]} Rxf5 {[%clk 0:21:40]}
61. Rh6 {[%clk 0:00:40]} Kd4 {[%clk 0:20:02]} 62. Rh7 {[%clk 0:00:38]} b3
{[%clk 0:19:57]} 63. Rd7+ {[%clk 0:00:37]} Kc4 {[%clk 0:19:16]} 64. Re2 {[%clk
0:00:36]} b2 {[%clk 0:18:57]} 65. Rb7 {[%clk 0:00:45]} Bb4 {[%clk 0:18:41]} 66.
Re4+ {[%clk 0:00:48]} Kd3 {[%clk 0:17:53]} 67. Rexb4 {[%clk 0:00:36]} c2 {[%clk
0:18:00]} 68. Rb3+ {[%clk 0:00:46]} Ke4 {[%clk 0:17:29]} 69. R7b4+ {[%clk
0:00:45]} Ke5 {[%clk 0:17:09]} 70. Rb5+ {[%clk 0:00:49]} Kf6 {[%clk 0:16:36]}
71. Rb6+ {[%clk 0:01:16]} Kf7 {[%clk 0:16:09]} 72. Rb7+ {[%clk 0:01:40]} Kg6
{[%clk 0:15:38]} 73. R3b6+ {[%clk 0:00:48]} Rf6 {[%clk 0:15:18]} 74. Rxb2
{[%clk 0:00:53]} c1=Q+ 75. Kg2 {[%clk 0:01:10]} Rxa6 {[%clk 0:15:24]} 76. R7b6+
{[%clk 0:00:52]} Rxb6 {[%clk 0:15:46]} 77. Rxb6+ {[%clk 0:01:20]} Kf5 {[%clk
0:16:05]} 78. Rb5+ {[%clk 0:01:31]} Ke4 {[%clk 0:16:25]} 79. Rxh5 {[%clk
0:00:47]} Qc6 {[%clk 0:16:26]} 80. Rg5 {[%clk 0:00:39]} Kf4+ {[%clk 0:16:20]}
81. Kg1 {[%clk 0:00:43]} Qe4 {[%clk 0:15:34]} 82. Rg3 {[%clk 0:00:42]} Qh7
{[%clk 0:15:02]} 83. Rh3 {[%clk 0:00:38]} Kg4 {[%clk 0:13:31]} 84. Kg2 {[%clk
0:00:45]} Qb7+ {[%clk 0:12:46]} 85. Kh2 {[%clk 0:01:07]} Qb2 {[%clk 0:12:06]}
86. Kg2 {[%clk 0:01:20]} Qd2 {[%clk 0:11:44]} 87. h5 {[%clk 0:01:07]} Qd5+
{[%clk 0:11:00]} 88. Kh2 {[%clk 0:01:25]} Qe5+ {[%clk 0:10:56]} 89. Kg2 {[%clk
0:01:46]} Qd5+ 1/2-1/2

[Event "Deutsche Ländermeisterschaft 2014"]
[Site "Hannover GER"]
[Date "2014.10.03"]
[Round "1"]
[White "Michna, Masza"]
[Black "Paulweber, Lara Maria"]
[Result "1-0"]
[Termination "normal"]
[Board "4.8"]
[WhiteElo "1347"]
[BlackElo "1431"]
[WhiteClock "00:45:06"]
[BlackClock "00:35:32"]
[WhiteTeam "Hamburg"]
[BlackTeam "Nordrhein-Westfalen"]
[PlyCount "53"]
[WhiteFideId "12921998"]
[BlackFideId "12954411"]
[EventCountry "GER"]
[EventRounds "7"]
[EventType "team-swiss"]
[EventDate "2014.10.02"]

1. f4 {[%clk 1:30:55]} e6 {[%clk 1:30:26]} 2. Nf3 {[%clk 1:31:14]} d5 {[%clk
1:30:35]} 3. e3 {[%clk 1:31:28]} Nf6 {[%clk 1:29:56]} 4. b3 {[%clk 1:31:38]} c5
{[%clk 1:29:53]} 5. Bb2 {[%clk 1:31:49]} Nc6 {[%clk 1:29:56]} 6. Be2 {[%clk
1:31:41]} g6 {[%clk 1:28:15]} 7. O-O {[%clk 1:28:06]} Bg7 {[%clk 1:28:07]} 8.
Ne5 {[%clk 1:24:48]} Qc7 {[%clk 1:25:25]} 9. d3 {[%clk 1:17:39]} O-O {[%clk
1:22:35]} 10. Qe1 {[%clk 1:12:56]} Nd7 {[%clk 1:19:35]} 11. d4 {[%clk 1:09:19]}
Ncxe5 {[%clk 1:17:43]} 12. dxe5 {[%clk 1:06:42]} f6 {[%clk 1:17:06]} 13. exf6
{[%clk 1:04:04]} Bxf6 {[%clk 1:14:54]} 14. c3 {[%clk 1:02:27]} Nb8 {[%clk
1:12:16]} 15. Nd2 {[%clk 1:00:26]} Nc6 {[%clk 1:11:09]} 16. e4 {[%clk 0:58:18]}
dxe4 {[%clk 1:07:41]} 17. Nxe4 {[%clk 0:58:18]} Bg7 {[%clk 1:04:28]} 18. Nxc5
{[%clk 0:52:16]} Rxf4 {[%clk 1:03:32]} 19. Rxf4 {[%clk 0:52:28]} Qxf4 {[%clk
1:03:34]} 20. Bc4 {[%clk 0:52:16]} Be5 {[%clk 1:02:09]} 21. g3 {[%clk 0:51:09]}
Qf6 {[%clk 1:01:04]} 22. Qd2 {[%clk 0:46:12]} b6 {[%clk 0:58:32]} 23. Nd7
{[%clk 0:45:52]} Bxd7 {[%clk 0:52:47]} 24. Qxd7 {[%clk 0:45:58]} Nd8 {[%clk
0:43:54]} 25. Rf1 {[%clk 0:45:26]} Qg7 {[%clk 0:39:23]} 26. Qe8+ {[%clk
0:45:23]} Qf8 {[%clk 0:35:32]} 27. Qxf8# {[%clk 0:45:06]} 1-0

[Event "Deutsche Ländermeisterschaft 2014"]
[Site "Hannover GER"]
[Date "2014.10.03"]
[Round "1"]
[White "Kitze, Alexander"]
[Black "Carow, Johannes"]
[Result "0-1"]
[Termination "normal"]
[Board "5.1"]
[BlackTitle "FM"]
[WhiteElo "2060"]
[BlackElo "2380"]
[WhiteTeam "Sachsen-Anhalt"]
[BlackTeam "Rheinland-Pfalz"]
[PlyCount "46"]
[WhiteFideId "12914827"]
[BlackFideId "24692050"]
[EventCountry "GER"]
[EventRounds "7"]
[EventType "team-swiss"]
[EventDate "2014.10.02"]

1. e4 c5 2. Nf3 Nc6 3. d4 cxd4 4. Nxd4 Qb6 5. Nb3 Nf6 6. Nc3 e6 7. Bd3 a6 8.
O-O Be7 9. Be3 Qc7 10. f4 d6 11. Qf3 O-O 12. Rae1 b5 13. Qg3 b4 14. Nb1 Bb7 15.
N1d2 Kh8 16. Nf3 e5 17. fxe5 Nxe5 18. Nxe5 dxe5 19. Nd4 Nh5 20. Qh3 exd4 21.
Bxd4 Bc5 22. Bxc5 Qxc5+ 23. Kh1 g6 0-1

[Event "Deutsche Ländermeisterschaft 2014"]
[Site "Hannover GER"]
[Date "2014.10.03"]
[Round "1"]
[White "Yankelevich, Lev"]
[Black "Heinemann, Josefine"]
[Result "1-0"]
[Termination "normal"]
[Board "5.2"]
[WhiteElo "2362"]
[BlackElo "2043"]
[WhiteTeam "Rheinland-Pfalz"]
[BlackTeam "Sachsen-Anhalt"]
[PlyCount "99"]
[WhiteFideId "24684074"]
[BlackFideId "12900460"]
[EventCountry "GER"]
[EventRounds "7"]
[EventType "team-swiss"]
[EventDate "2014.10.02"]

1. d4 Nf6 2. c4 g6 3. Nc3 d5 4. cxd5 Nxd5 5. e4 Nxc3 6. bxc3 Bg7 7. Bc4 c5 8.
Ne2 Nc6 9. Be3 O-O 10. O-O Qc7 11. Rc1 Rd8 12. Qd2 a6 13. Bh6 Bh8 14. Qe3 Na5
15. Bd3 b5 16. e5 Be6 17. Nf4 Bc4 18. e6 cxd4 19. Qf3 Bf6 20. cxd4 Qd6 21.
exf7+ Bxf7 22. d5 Nc4 23. Bxc4 bxc4 24. Rxc4 Bxd5 25. Nxd5 Qxd5 26. Qg4 Rab8
27. Be3 Rb2 28. a4 Kf7 29. Rc5 Qd3 30. g3 Rd5 31. Rcc1 Qf5 32. Qc4 Qd3 33. Qc8
Ra2 34. Rc6 Rd6 35. Rxd6 Qxd6 36. Bh6 Ra1 37. Qf8+ Ke6 38. Qc8+ Kf7 39. Rxa1
Bxa1 40. Qf8+ Ke6 41. Qg8+ Kd7 42. Qc4 Bd4 43. Bf4 e5 44. Bg5 Qe6 45. Qb4 Kc6
46. Be7 Qf5 47. Qd6+ Kb7 48. Qd5+ Kc8 49. Qc6+ Kb8 50. Bd6+ 1-0

[Event "Deutsche Ländermeisterschaft 2014"]
[Site "Hannover GER"]
[Date "2014.10.03"]
[Round "1"]
[White "Pallas, Sebastian"]
[Black "Perske, Thore"]
[Result "0-1"]
[Termination "normal"]
[Board "5.3"]
[WhiteElo "1947"]
[BlackElo "2275"]
[WhiteTeam "Sachsen-Anhalt"]
[BlackTeam "Rheinland-Pfalz"]
[PlyCount "76"]
[WhiteFideId "12905453"]
[BlackFideId "12902195"]
[EventCountry "GER"]
[EventRounds "7"]
[EventType "team-swiss"]
[EventDate "2014.10.02"]

1. e4 e6 2. d4 d5 3. Nc3 Nf6 4. e5 Nfd7 5. f4 c5 6. Nf3 Nc6 7. Be3 Be7 8. Qd2
O-O 9. Be2 b6 10. Nd1 cxd4 11. Nxd4 Nxd4 12. Bxd4 f6 13. Nf2 fxe5 14. fxe5 Bc5
15. Qe3 Bxd4 16. Qxd4 Qg5 17. Nd3 Qxg2 18. Kd2 Qe4 19. c3 Ba6 20. Rhe1 Bxd3 21.
Bxd3 Qf4+ 22. Qxf4 Rxf4 23. Re2 Raf8 24. Rae1 g6 25. b4 Kf7 26. Kc2 Ke7 27. Kb3
Rf3 28. Re3 R8f4 29. a3 Rxe3 30. Rxe3 Rh4 31. Bb5 Rxh2 32. Bxd7 Kxd7 33. c4 g5
34. Rd3 g4 35. Rd4 h5 36. cxd5 exd5 37. Rxd5+ Ke6 38. Rd6+ Kxe5 0-1

[Event "Deutsche Ländermeisterschaft 2014"]
[Site "Hannover GER"]
[Date "2014.10.03"]
[Round "1"]
[White "Muckle, Julius"]
[Black "Stein, Robert"]
[Result "1-0"]
[Termination "normal"]
[Board "5.4"]
[WhiteElo "1995"]
[BlackElo "1885"]
[WhiteTeam "Rheinland-Pfalz"]
[BlackTeam "Sachsen-Anhalt"]
[PlyCount "73"]
[WhiteFideId "12942430"]
[BlackFideId "12921084"]
[EventCountry "GER"]
[EventRounds "7"]
[EventType "team-swiss"]
[EventDate "2014.10.02"]

1. d4 Nf6 2. c4 g6 3. Nc3 d5 4. e3 Bg7 5. Nf3 O-O 6. b4 a5 7. b5 c5 8. bxc6
Nxc6 9. Be2 dxc4 10. Bxc4 Bf5 11. O-O Rc8 12. Bd3 Bxd3 13. Qxd3 e5 14. Rb1 exd4
15. exd4 Nb4 16. Qd2 Nbd5 17. Nxd5 Qxd5 18. Qd3 Qxa2 19. Rxb7 Nd5 20. Ng5 Qc4
21. Qf3 Nc3 22. Ba3 Ne2+ 23. Kh1 Nxd4 24. Qd1 Rfd8 25. Nxf7 Rd5 26. Nd6 Qc6 27.
Nxc8 Qxb7 28. Ne7+ Kh8 29. Nxd5 Qxd5 30. Qb1 Qd8 31. Rd1 Qe8 32. Re1 Qa8 33.
Bb2 Nf5 34. Bxg7+ Kxg7 35. Qb2+ Kh6 36. Qd2+ Kg7 37. Ra1 1-0

[Event "Deutsche Ländermeisterschaft 2014"]
[Site "Hannover GER"]
[Date "2014.10.03"]
[Round "1"]
[White "Biastoch, Bennet"]
[Black "Schwarz, Larissa"]
[Result "1-0"]
[Termination "normal"]
[Board "5.5"]
[WhiteElo "1838"]
[BlackElo "1951"]
[WhiteTeam "Sachsen-Anhalt"]
[BlackTeam "Rheinland-Pfalz"]
[PlyCount "67"]
[WhiteFideId "12939889"]
[BlackFideId "24699004"]
[EventCountry "GER"]
[EventRounds "7"]
[EventType "team-swiss"]
[EventDate "2014.10.02"]

1. e4 c5 2. Nf3 e6 3. d4 cxd4 4. Nxd4 a6 5. Bd3 Nf6 6. O-O Qc7 7. Qe2 d6 8. c4
g6 9. Nc3 Bg7 10. Bd2 O-O 11. Kh1 Nfd7 12. Nf3 Nc6 13. Rae1 b6 14. Ng5 Nde5 15.
f4 Nd4 16. Qe3 Nxc4 17. Bxc4 Qxc4 18. Rc1 Qc7 19. Nb5 Qxc1 20. Rxc1 Nxb5 21. e5
dxe5 22. fxe5 f6 23. Ne4 fxe5 24. Qxb6 Nd4 25. Bb4 Rf7 26. Qd8+ Bf8 27. Nf6+
Kg7 28. Bxf8+ Rxf8 29. Rc7+ Bd7 30. Rxd7+ Kh6 31. Ng8+ Kh5 32. Rxh7+ Kg4 33.
Qh4+ Kf5 34. Nh6# 1-0

[Event "Deutsche Ländermeisterschaft 2014"]
[Site "Hannover GER"]
[Date "2014.10.03"]
[Round "1"]
[White "Cejda, Cecilia"]
[Black "Yankelevich, Michael"]
[Result "0-1"]
[Termination "normal"]
[Board "5.7"]
[WhiteElo "1662"]
[BlackElo "1673"]
[WhiteTeam "Sachsen-Anhalt"]
[BlackTeam "Rheinland-Pfalz"]
[PlyCount "116"]
[WhiteFideId "12921122"]
[BlackFideId "12921440"]
[EventCountry "GER"]
[EventRounds "7"]
[EventType "team-swiss"]
[EventDate "2014.10.02"]

1. e4 e6 2. d4 d5 3. Nd2 dxe4 4. Nxe4 Nd7 5. Nf3 Be7 6. Bf4 Ngf6 7. Nc3 a6 8.
Be2 O-O 9. O-O Re8 10. Qd2 b6 11. Rad1 Bb7 12. a3 Ne4 13. Nxe4 Bxe4 14. Rc1 c5
15. dxc5 Nxc5 16. Qxd8 Bxd8 17. Nd2 Bb7 18. Nc4 Bd5 19. Ne3 Bb7 20. b3 Be7 21.
Nc4 b5 22. Nd6 Bxd6 23. Bxd6 Ne4 24. Be5 f6 25. Bb2 Nc5 26. Rcd1 Rac8 27. Rfe1
Be4 28. Rc1 Bg6 29. Bd4 e5 30. Bxc5 Rxc5 31. c4 Rec8 32. Red1 Bf7 33. Bg4 Rb8
34. cxb5 Rcxb5 35. b4 g6 36. Rd6 f5 37. Be2 R5b6 38. Rxb6 Rxb6 39. Rc8+ Kg7 40.
Ra8 Rc6 41. h3 Rc1+ 42. Kh2 Rc2 43. Bxa6 Rxf2 44. Rd8 e4 45. Rd1 Ra2 46. Bf1
Rxa3 47. Rb1 Rb3 48. Rxb3 Bxb3 49. b5 Bd5 50. b6 Bb7 51. Kg3 Kf6 52. Bc4 h6 53.
Kf2 Ke5 54. g3 g5 55. Ke3 f4+ 56. gxf4+ gxf4+ 57. Kf2 Kd4 58. Bf7 Kc5 0-1

[Event "Deutsche Ländermeisterschaft 2014"]
[Site "Hannover GER"]
[Date "2014.10.03"]
[Round "1"]
[White "Reitz, Theresa"]
[Black "Delgado, Celina"]
[Result "1-0"]
[Termination "normal"]
[Board "5.8"]
[WhiteElo "1477"]
[BlackElo "1168"]
[WhiteTeam "Rheinland-Pfalz"]
[BlackTeam "Sachsen-Anhalt"]
[PlyCount "41"]
[WhiteFideId "12971901"]
[BlackFideId "12993735"]
[EventCountry "GER"]
[EventRounds "7"]
[EventType "team-swiss"]
[EventDate "2014.10.02"]

1. e4 e5 2. Nf3 Nc6 3. Bb5 Nf6 4. d3 a6 5. Bxc6 dxc6 6. Nxe5 Bc5 7. c3 O-O 8.
O-O Re8 9. Nf3 Bg4 10. Re1 Bd6 11. h3 Bxf3 12. Qxf3 Be5 13. d4 Bxd4 14. cxd4
Qxd4 15. Nc3 Re6 16. Bf4 Re7 17. Rad1 Qb4 18. Re2 Rae8 19. Rdd2 Nxe4 20. Nxe4
Rxe4 21. Rxe4 1-0